| 000 | 00452nam a2200169 i 4500 | ||
|---|---|---|---|
| 001 | 84250 | ||
| 003 | ES-MaACL | ||
| 005 | 20230906174959.0 | ||
| 007 | t| | ||
| 008 | 041122s1921 xxu ||||1| eng d | ||
| 100 | 1 |
_aJeans, T. H. _966258 |
|
| 245 | 1 | 4 |
_aThe dynamical theory of gases / _cby T.H. Jeans. |
| 250 | _a3rd ed. | ||
| 260 |
_aCambridge : _bUniversity Press, _c1921. |
||
| 300 |
_aVI, 442 p. : _bil. ; _c27 cm. |
||
| 852 |
_aES-MaACL _jB-11294 |
||
| 999 |
_c84250 _d84250 |
||